ბათუმის შოთა რუსთაველის სახელმწიფო უნივერსიტეტის ბიბლიოთეკა

Краткий справочник архитектора. (ბიბ.ჩანაწერი № 41350)

000 -LEADER
fixed length control field 00633nam a2200217Ia 4500
001 - CONTROL NUMBER
control field 8008
003 - CONTROL NUMBER IDENTIFIER
control field GE_BSU
008 - FIXED-LENGTH DATA ELEMENTS--GENERAL INFORMATION
fixed length control field 181216s||||||||xx |||||||||||||| ||und||
040 ## - CATALOGING SOURCE
Transcribing agency GE_BSU
080 ## - UNIVERSAL DECIMAL CLASSIFICATION NUMBER
Universal Decimal Classification number 72(035)
100 ## - MAIN ENTRY--PERSONAL NAME
Personal name Коваленко,Ю.Н.
245 ## - TITLE STATEMENT
Title Краткий справочник архитектора.
245 ## - TITLE STATEMENT
Statement of responsibility, etc. Ред.Л.В.Воронкова, Н.С.Колесник.
260 ## - PUBLICATION, DISTRIBUTION, ETC.
Place of publication, distribution, etc. Киев.
260 ## - PUBLICATION, DISTRIBUTION, ETC.
Name of publisher, distributor, etc. Будiвельник.
260 ## - PUBLICATION, DISTRIBUTION, ETC.
Date of publication, distribution, etc. 1967.
300 ## - PHYSICAL DESCRIPTION
Extent 503стр. 22см.
300 ## - PHYSICAL DESCRIPTION
Accompanying material табл. рис.
653 ## - INDEX TERM--UNCONTROLLED
Uncontrolled term Краткий справочник архитектора.
942 ## - ADDED ENTRY ELEMENTS (KOHA)
Koha item type წიგნი
ეგზემპლარები
Withdrawn status Lost status Damaged status Not for loan Date acquired Barcode Date last seen Price effective from Koha item type
        2018-12-17 10256 2018-12-17 2018-12-17 წიგნი